Datum a čas kvízu
34
Celkem bodů
Celkový počet nahraných bodů na tomto kvízu bez doplňovacích otázek.
2.
Pořadí na kvízu
Konečné umístění týmu na tomto kvízu.
Zaznamenané odpovědi
| # | Otázka | Odpověď | Body | Výsledky |
|---|---|---|---|---|
| 1. | Minulý týden se v pražských Z... | Bolt | 1 | |
| 2. | Švýcarský výrobce nožů Victori... | nebude obsahovat nožík/čepel | 1 | |
| 3. | Pod kterým pseudonymem působí... | Nemo | 0 | |
| 4. | Někteří obyvatelé Německa, pře... | kebab | 1 | |
| 5. | Po dvanáctidenní plavbě dovezl... | Marseille | 1 | |
| 6. | Podíváme se do zemí či krajů,... | Genovia, Anne Hathaway | 0 | |
| 7. | Jak se nazývá chudé království... | A) Monte Albo | 0 | |
| 8. | Toto fiktivní království někol... | Wakanda, vibranium | 0 | |
| 9. | Přiřaďte tyto postavy z knižní... | 1D 2A 3B 4C | 0 | |
| 10. | Děj které humoristické novely... | Rozmarné léto | 0 |